Компьютерная модель многозонной термической установки для выращивания кристаллов методом Бриджмена; Технологии Microsoft в теории и практике программирования
| Parent link: | Технологии Microsoft в теории и практике программирования.— 2012.— [С. 105-107] |
|---|---|
| Autor principal: | |
| Autor corporatiu: | |
| Altres autors: | , |
| Sumari: | Заглавие с титульного листа. Разработана двумерная компьютерная модель многозонной термической установки (МТУ) для выращивания кристаллов методом Бриджмена. Модель учитывает перемещение ростового контейнера в рабочем объеме установки, изменение массовых долей и теплофизических свойств в системе кристалл/расплав. A designed two-dimensional computer model of a Multi-zoned Thermal Unit (MTU), for the growth of crystals by the Bridgman method. The model takes into account the movement of growth of the container in the working volume settings, the change in mass fraction and thermo-physical properties in the crystal / melt. |
| Idioma: | rus |
| Publicat: |
2012
|
| Col·lecció: | Математическое моделирование и технологии высокопроизводительных вычислений |
| Matèries: | |
| Accés en línia: | http://www.lib.tpu.ru/fulltext/c/2012/C28/037.pdf |
| Format: | MixedMaterials Electrònic Capítol de llibre |
| KOHA link: | https://koha.lib.tpu.ru/cgi-bin/koha/opac-detail.pl?biblionumber=611369 |
MARC
| LEADER | 00000naa2a2200000 4500 | ||
|---|---|---|---|
| 001 | 611369 | ||
| 005 | 20231101132644.0 | ||
| 035 | |a (RuTPU)RU\TPU\conf\9120 | ||
| 035 | |a RU\TPU\conf\9118 | ||
| 090 | |a 611369 | ||
| 100 | |a 20150310d2012 k y0rusy50 ca | ||
| 101 | 0 | |a rus |d rus |d eng | |
| 102 | |a RU | ||
| 105 | |a y z 100zy | ||
| 135 | |a drgn ---uucaa | ||
| 181 | 0 | |a i | |
| 182 | 0 | |a b | |
| 200 | 1 | |a Компьютерная модель многозонной термической установки для выращивания кристаллов методом Бриджмена |f С. Х. Нгуен, Ю. В. Бабушкин, М. М. Филиппов | |
| 203 | |a Текст |c электронный | ||
| 215 | |a 1 файл (488 Кб) | ||
| 225 | 1 | |a Математическое моделирование и технологии высокопроизводительных вычислений | |
| 230 | |a Электронные текстовые данные (1 файл : 488 Кб) | ||
| 300 | |a Заглавие с титульного листа. | ||
| 320 | |a [Библиогр.: с. 107 (2 назв.)] | ||
| 330 | |a Разработана двумерная компьютерная модель многозонной термической установки (МТУ) для выращивания кристаллов методом Бриджмена. Модель учитывает перемещение ростового контейнера в рабочем объеме установки, изменение массовых долей и теплофизических свойств в системе кристалл/расплав. | ||
| 330 | |a A designed two-dimensional computer model of a Multi-zoned Thermal Unit (MTU), for the growth of crystals by the Bridgman method. The model takes into account the movement of growth of the container in the working volume settings, the change in mass fraction and thermo-physical properties in the crystal / melt. | ||
| 337 | |a Adobe Reader | ||
| 463 | 1 | |0 (RuTPU)RU\TPU\conf\61 |t Технологии Microsoft в теории и практике программирования |o сборник трудов IX Всероссийской научно-практической конференции студентов, аспирантов и молодых ученых, 21-22 марта 2012 г., г.Томск |f Национальный исследовательский Томский политехнический университет (ТПУ), Институт кибернетики ; отв. ред. А. Р. Вахитов |v [С. 105-107] |d 2012 | |
| 610 | 1 | |a электронный ресурс | |
| 610 | 1 | |a труды учёных ТПУ | |
| 610 | 1 | |a компьютерные модели | |
| 610 | 1 | |a термические установки | |
| 610 | 1 | |a выращивание | |
| 610 | 1 | |a кристаллы | |
| 610 | 1 | |a метод Бриджмена | |
| 610 | 1 | |a метод элементарных балансов | |
| 700 | 0 | |a Нгуен Суан Хунг |c вьетнамский специалист в области информатики и вычислительной техники |c ассистент кафедры Томского политехнического университета |2 stltpush |3 (RuTPU)RU\TPU\pers\35372 | |
| 701 | 1 | |a Бабушкин |b Ю. В. |c математик |c доцент Томского политехнического университета, кандидат технических наук |f 1952- |g Юрий Владимирович |2 stltpush |3 (RuTPU)RU\TPU\pers\25811 | |
| 701 | 1 | |a Филиппов |b М. М. |c специалист в области организации высшего профессионального образования |c ведущий эксперт Томского политехнического университета, кандидат технических наук |f 1982- |g Максим Михайлович |2 stltpush |3 (RuTPU)RU\TPU\pers\25413 | |
| 712 | 0 | 2 | |a Национальный исследовательский Томский политехнический университет (ТПУ) |b Институт кибернетики (ИК) |b Кафедра прикладной математики (ПМ) |h 130 |2 stltpush |3 (RuTPU)RU\TPU\col\18700 |
| 801 | 2 | |a RU |b 63413507 |c 20160809 |g RCR | |
| 856 | 4 | |u http://www.lib.tpu.ru/fulltext/c/2012/C28/037.pdf | |
| 942 | |c BK | ||